=LDR 00000nam 2200000 4500 =001 INLIS000000000053588 =005 20181022123809 =035 ##$$a 0010-1018000203 =245 1#$$a Gedung Bank Indonesia : $b Jejak Arsitektur Dalam Menggapai Kemakmuran Negeri /$c Bank Indonesia =100 #$$a Gedung Bank Indonesia =250 ##$$a Ed. 1 =300 ##$$a 413 hlm : $b Ilus ; $c 20x24 cm =260 ##$$a Jakarta :$b Bank Indonesia,$c 2012 =082 ##$$a 720.22 =084 ##$$a 720.22 GED g =020 ##$$a 978-979-3363-19-6 =650 ##$$a Arsitektur